000 nam a22 7a 4500
999 _c25235
_d25235
008 170131b xxu||||| |||| 00| 0 eng d
020 _a0323011411
050 _aRT41 .C75 2001
100 _aPotter,Patricia A.
245 _aFundamentals of nursing /
_cPatricia A. Potter; Anne G. Perry
250 _a5th ed.
260 _aSt. Louis :
_bMosby,
_c©2001.
300 _axxxvii, 1785p. :
_bill. ;
_c29cm.
_e1 computer disc (4 3/4 in.)
500 _aincludes index.
650 _a Nursing Process.
650 _a Nursing Care.
700 _aPerry,Anne G.
942 _2lcc
_cBOOKS
_hRT41 .C75 2001